|
|
|
|
| LEADER |
01153nam a2200289 a 4500 |
| 001 |
4559012 |
| 008 |
130422r20122001nyua b 001 0 eng d |
| 010 |
|
|
|a 73000292
|
| 020 |
|
|
|a 9780070445208
|
| 020 |
|
|
|a 0070445206
|
| 020 |
|
|
|a 0070428646
|
| 040 |
|
|
|a DLC
|c DLC
|d DLC
|d BD-DhAAL
|
| 082 |
0 |
0 |
|a 519.5
|2 22
|
| 100 |
1 |
|
|a Mood, Alexander McFarlane,
|d 1913-
|
| 245 |
1 |
0 |
|a Introduction to the theory of statistics
|c Alexander M. Mood, Franklin A. Graybill,Duane C. Boes.
|
| 250 |
|
|
|a 3d ed.
|
| 260 |
|
|
|a New York ;
|a New delhi :
|b McGraw-Hill
|c 2001 [Reprinted 2012]
|
| 300 |
|
|
|a xvi, 564 p.
|b illus.
|c 24 cm.
|
| 490 |
0 |
|
|a McGraw-Hill series in probability and statistics
|
| 504 |
|
|
|a Includes bibliographical references (p. [544]-547.) and index.
|
| 541 |
|
|
|e 00026834
|
| 650 |
|
0 |
|a Mathematical statistics.
|
| 700 |
1 |
|
|a Graybill, Franklin A.,
|e joint author.
|
| 700 |
1 |
|
|a Boes, Duane C.,
|e joint author.
|
| 852 |
1 |
|
|a Ayesha Abed Library
|c General shelf.
|
| 999 |
|
|
|c 13361
|d 13361
|
| 952 |
|
|
|0 0
|1 0
|2 ddc
|4 0
|6 519_500000000000000_MOO
|7 0
|9 22267
|a IGS
|b IGS
|c GEN
|d 2012-04-27
|e Mullick & Brothers
|g 780.00
|l 0
|o 519.5 MOO
|p 3010026834
|r 2013-04-28
|t 1
|w 2012-04-27
|y BK
|